| 000 | 01054nam a2200253Ia 4500 | ||
|---|---|---|---|
| 003 | OSt | ||
| 005 | 20221005103911.0 | ||
| 006 | a|||||r|||| 00| 0 | ||
| 007 | ta | ||
| 008 | 221004b |||||||| |||| 00| 0 hin d | ||
| 020 |
_a9789383725120 (hbk) _cINR 695.00 |
||
| 024 | _a29513 | ||
| 037 |
_b295, 08/03/2017, Eastern Book Linkers _cTextual |
||
| 040 |
_aCRL _cCRL _bhin |
||
| 041 |
_2hin _ahin |
||
| 082 | _aY:1.273'C, 152Q6 | ||
| 100 |
_aब्रह्मवादी, परशुराम ठाकुर, ले. _9623709 |
||
| 245 | 0 | _aवैदिक संस्कृति का उद्गम क्षेत्र मंदार | |
| 246 | _aVaidik sanskṛuti kā udgam kṣhetra mandāra | ||
| 260 |
_aदिल्ली _bकल्पना प्रकाशन भारत _c2016 |
||
| 300 |
_a280पृ0 _ccm. |
||
| 942 |
_hY:1.273'C, 152Q6 _cTEXL _2cc |
||
| 999 |
_c1011209 _d1011209 |
||